000 00342nam a2200133 i 4500
001 bg
100 1 _aKROSZEL, J
_banusz
245 0 _aRozmieszczenie infrastruktury społecznej :
_bwybrane problemy /
_cJ. Kroszel.
260 _aWrocław,
_c1982.
040 _cBPK
041 _apol
942 _cKS
008 s pl f |000 0 pol
999 _c21993
_d21993
856 _uhttp://koha.tu.koszalin.pl/cgi-bin/koha/opac-detail.pl?biblionumber=21993
_yKatalog online BPK